On This Day: November 21st Quiz Stats

 Plays Quiz Updated Nov 21, 2017

Challenge
Share
Tweet
Embed
Score 0/7 Timer 03:00
0 Plays Today
Question Answer Wrong Answers
This man publishes a paper in the journal ‘Annalen der Physik’ which eventually leads to the mass-energy equivalence formula, E = mc².
1905
Albert Einstein
97.2%
Nikola Tesla
1.1%
Max Planck
0.4%
Werner Heisenberg
0.7%
Thomas Edison announces his invention of the ______, a machine that can record and play sound.
1877
Phonograph
95%
Microphone
1.9%
Radio
2.1%
LP Record
1%
National Security Council member Oliver North and his secretary start to shred documents allegedly implicating them in the ______.
1986
Iran–Contra Affair
89.4%
House Banking Scandal
4.3%
Wedtech Scandal
2.1%
Plame Affair
1.3%
In an event known as this, 31 people are killed in Dublin during the Irish War of Independence.
1920
Bloody Sunday
81.2%
Monday Massacre
4.9%
Dublin Disaster
2.2%
Irish Uprising
10.6%
US President Richard Nixon and Japanese Prime Minister Eisaku Satō agree on the return of this island to Japanese control. The US retains rights to bases on the island.
1969
Okinawa
64.1%
Kyushu
1.2%
Yakushima
2.5%
Iwo Jima
30.1%
Voters in this country overwhelmingly approve a new constitution, giving legitimacy to Park Chung-hee and the Fourth Republic.
1972
South Korea
60.1%
China
7%
Taiwan
16.6%
Vietnam
13.7%
This American actor and director, known for playing Egon Spengler in ‘Ghostbusters’ and for directing the film ‘Groundhog Day’, is born.
1944
Harold Ramis
59.6%
Dan Aykroyd
7.6%
Bill Murray
28.3%
Rick Moranis
3%

Today's Daily Dose

You're not logged in!

Compare scores with friends on all Sporcle quizzes.
Join for Free
OR
Log In

You Might Also Like...

Show Comments

Extras

Top Quizzes Today


Score Distribution

Your Account Isn't Verified!

In order to create a playlist on Sporcle, you need to verify the email address you used during registration. Go to your Sporcle Settings to finish the process.

Report this User

Report this user for behavior that violates our Community Guidelines.

Details: